000 00740nam a2200241 a 4500
005 20230202063653.0
008 030304s2001 mx r 000 0 spa d
020 _a8472452786
035 _aUPN01000122399
049 _aCG
050 4 _aBF311
_bW5.28 2001
100 1 _aWilber, Ken
245 1 3 _aLa conciencia sin fronteras :
_baproximaciones de Oriente y Occidente al crecimiento personal /
_cKen Wilber ; tr. Marta I. Gustavino.
250 _a10a ed.
260 _aBarcelona, Esp. :
_bKairós,
_c2001.
300 _a211 p.
440 0 _aSabiduría perenne
534 _pTítulo original :
_tNo boundary
650 4 _aCONCIENCIA
650 2 _aAutopercepción
_93822
650 4 _aPSICOLOGIA -
_xFILOSOFIA
_914135
905 _aLibro
999 _c94591
_d94591